[Event "RN-2019-0-01531"]
[Site "LSS email"]
[Date "2019.05.06"]
[Round "?"]
[White "Croke, Pat"]
[Black "Kuttner, Jaromir"]
[Result "1-0"]
[WhiteElo "529"]
[BlackElo "777"]
[PlyCount "49"]
[EventDate "2019.04.15"]
[EventType "tourn (corr)"]
[EventRounds "6"]
[EventCountry "GER"]
[SourceTitle "Corr 2022"]
[Source "ChessBase"]
[SourceDate "2021.10.24"]
[SourceVersion "1"]
[SourceVersionDate "2021.10.24"]
[SourceQuality "1"]

1. e4 c5 2. Nf3 Nc6 3. Bb5 g6 4. 0-0 Bg7 5. c3 e6 6. d4 cxd4 7. cxd4 Nge7 8. d5 exd5 9. exd5 Nb4 10. d6 Nf5 11. Re1+ Kf8 12. Nc3 a6 13. Bc4 b5 14. Bd5 Rb8 15. Ne4 Bb7 16. Bxb7 Rxb7 17. Nc5 Rb6 18. a3 Rxd6 19. Qb3 Nc6 20. Nxa6 Ncd4 21. Nxd4 Nxd4 22. Qb4 Qb6 23. Nc5 Qc6 24. Qa5 Bf6 25. Bh6+ 1-0

[Event "SN-2019-0-00967"]
[Site "LSS email"]
[Date "2019.03.31"]
[Round "?"]
[White "Croke, Pat"]
[Black "Kaupat, Lothar"]
[Result "0-1"]
[WhiteElo "539"]
[BlackElo "943"]
[PlyCount "48"]
[EventDate "2019.02.26"]
[EventType "tourn (corr)"]
[EventRounds "6"]
[EventCountry "GER"]
[SourceTitle "Corr 2022"]
[Source "ChessBase"]
[SourceDate "2021.10.24"]
[SourceVersion "1"]
[SourceVersionDate "2021.10.24"]
[SourceQuality "1"]

1. e4 c5 2. Nf3 Nc6 3. Bc4 g6 4. Ng5 e6 5. d3 Bg7 6. 0-0 Nge7 7. Nc3 0-0 8. Be3 d5 9. exd5 exd5 10. Nxd5 Nxd5 11. Bxd5 Qxd5 12. f4 Bxb2 13. Rb1 Qxa2 14. Bxc5 Rd8 15. Qe1 Bg7 16. Qh4 h6 17. Ne4 Qxc2 18. Rbc1 Qxd3 19. f5 Bxf5 20. Rcd1 Qxe4 21. Qf2 b6 22. Ba3 Rxd1 23. Rxd1 Bd4 24. Rxd4 Nxd4 0-1

[Event "RN-2018-0-01453"]
[Site "LSS email"]
[Date "2018.07.21"]
[Round "?"]
[White "Croke, Pat"]
[Black "Cherry, Brian"]
[Result "1-0"]
[WhiteElo "555"]
[BlackElo "345"]
[PlyCount "71"]
[EventDate "2018.07.02"]
[EventType "tourn (corr)"]
[EventRounds "6"]
[EventCountry "GER"]
[SourceTitle "Corr 2022"]
[Source "ChessBase"]
[SourceDate "2021.10.24"]
[SourceVersion "1"]
[SourceVersionDate "2021.10.24"]
[SourceQuality "1"]

1. d4 d5 2. c4 e6 3. Nf3 dxc4 4. Qa4+ c6 5. Qxc4 Nf6 6. Bg5 Be7 7. e3 h6 8. Bf4 Qd5 9. Nc3 Qxc4 10. Bxc4 0-0 11. 0-0-0 Ng4 12. Rd2 Bb4 13. h3 Nf6 14. g4 b5 15. Bd3 Bb7 16. g5 hxg5 17. Bxg5 Nbd7 18. Ne5 Nxe5 19. dxe5 Nd7 20. f4 c5 21. Bxb5 Bxh1 22. Bxd7 Bxc3 23. bxc3 f6 24. Bxe6+ Kh8 25. exf6 gxf6 26. Bh4 f5 27. Rh2 Be4 28. Bg5 Kg7 29. h4 Rae8 30. Bb3 Rc8 31. h5 Rh8 32. h6+ Kg6 33. Be6 Rce8 34. Bc4 Rc8 35. Rd2 Rxh6 36. Rd6+ 1-0

[Event "RN-2018-0-01453"]
[Site "LSS email"]
[Date "2018.07.21"]
[Round "?"]
[White "Tereshchenko, Alexandr Anatolievi"]
[Black "Croke, Pat"]
[Result "1-0"]
[WhiteElo "800"]
[BlackElo "555"]
[PlyCount "63"]
[EventDate "2018.07.02"]
[EventType "tourn (corr)"]
[EventRounds "6"]
[EventCountry "GER"]
[SourceTitle "Corr 2022"]
[Source "ChessBase"]
[SourceDate "2021.10.24"]
[SourceVersion "1"]
[SourceVersionDate "2021.10.24"]
[SourceQuality "1"]

1. c4 Nf6 2. Nc3 g6 3. e4 Nc6 4. d4 e5 5. d5 Nd4 6. Nf3 Nxf3+ 7. Qxf3 d6 8. h3 Bd7 9. Qd1 Bg7 10. Be3 0-0 11. g4 c6 12. dxc6 Bxc6 13. f3 a6 14. h4 h5 15. g5 Nd7 16. Qxd6 Nb6 17. Qxd8 Rfxd8 18. Bxb6 Rd7 19. Nd5 Rc8 20. Bh3 f5 21. gxf6 Rf8 22. Bxd7 Bxd7 23. Ne7+ Kf7 24. fxg7 Kxg7 25. Ke2 Rf4 26. Bc7 Kf7 27. Nd5 Rf6 28. Nxf6 Kxf6 29. Rhg1 Be6 30. c5 Bc4+ 31. Kf2 Bb5 32. Rad1 1-0

[Event "RN-2018-0-01427"]
[Site "LSS email"]
[Date "2018.04.19"]
[Round "?"]
[White "Croke, Pat"]
[Black "Hughes, Peter James"]
[Result "1-0"]
[WhiteElo "549"]
[BlackElo "658"]
[PlyCount "119"]
[EventDate "2018.04.04"]
[EventType "tourn (corr)"]
[EventRounds "6"]
[EventCountry "GER"]
[SourceTitle "Corr 2022"]
[Source "ChessBase"]
[SourceDate "2021.10.24"]
[SourceVersion "1"]
[SourceVersionDate "2021.10.24"]
[SourceQuality "1"]

1. e4 e5 2. Nf3 Nc6 3. Bb5 a6 4. Bxc6 bxc6 5. Nxe5 Bd6 6. d4 c5 7. 0-0 Nf6 8. Bg5 0-0 9. Nc3 cxd4 10. Qxd4 Bxe5 11. Qxe5 d6 12. Qf4 Bb7 13. Bxf6 gxf6 14. Ne2 Re8 15. Ng3 Kh8 16. f3 Rg8 17. Nf5 Rg6 18. Nh6 Qf8 19. Nf5 Bc8 20. c4 Rg5 21. Nh4 Qg7 22. b4 Bh3 23. Rf2 Rg8 24. g3 Qh6 25. Ng2 Bxg2 26. Rxg2 Qh3 27. Qxf6+ R8g7 28. Qd8+ Rg8 29. Qf6+ R5g7 30. e5 dxe5 31. Qxe5 Qd7 32. Re1 h6 33. Qe7 Qd4+ 34. Qe3 Qxc4 35. Qxh6+ Rh7 36. Qf6+ Rhg7 37. a3 Qb3 38. Qxa6 Qxf3 39. Qh6+ Rh7 40. Qe3 Qd5 41. Qe5+ Qxe5 42. Rxe5 Ra8 43. Ra5 Rd8 44. a4 f6 45. Rf5 Rhd7 46. Rxf6 Rd1+ 47. Rf1 R1d4 48. Rb1 Rb8 49. Rc2 Rbxb4 50. Rxb4 Rxb4 51. a5 Ra4 52. Rxc7 Rxa5 53. Kg2 Kg8 54. h4 Rh5 55. Kh3 Re5 56. Rc3 Kg7 57. g4 Kf6 58. Rf3+ Ke6 59. h5 Rg5 60. Kh4 1-0

[Event "SN-2018-0-00911"]
[Site "LSS email"]
[Date "2018.03.08"]
[Round "?"]
[White "Croke, Pat"]
[Black "Czaban, Tomasz"]
[Result "1-0"]
[WhiteElo "564"]
[BlackElo "531"]
[PlyCount "45"]
[EventDate "2018.01.27"]
[EventType "tourn (corr)"]
[EventRounds "6"]
[EventCountry "GER"]
[SourceTitle "Corr 2022"]
[Source "ChessBase"]
[SourceDate "2021.10.24"]
[SourceVersion "1"]
[SourceVersionDate "2021.10.24"]
[SourceQuality "1"]

1. e4 e6 2. d4 d5 3. e5 Nc6 4. Nf3 Bb4+ 5. Bd2 Bxd2+ 6. Qxd2 Nge7 7. Bb5 Bd7 8. Nc3 a6 9. Bd3 0-0 10. 0-0-0 Nb4 11. h4 h6 12. g4 Nxd3+ 13. Qxd3 Nc6 14. h5 Nb4 15. Qe3 Qe7 16. g5 Kh7 17. Rdg1 hxg5 18. h6 gxh6 19. Nxg5+ Kg7 20. Nge4+ Qg5 21. Rxg5+ Kh7 22. Nf6+ Kh8 23. Rxh6# 1-0

[Event "SN-2018-0-00911"]
[Site "LSS email"]
[Date "2018.03.08"]
[Round "?"]
[White "Neuhausen, Rainer"]
[Black "Croke, Pat"]
[Result "1-0"]
[WhiteElo "917"]
[BlackElo "564"]
[PlyCount "57"]
[EventDate "2018.01.27"]
[EventType "tourn (corr)"]
[EventRounds "6"]
[EventCountry "GER"]
[SourceTitle "Corr 2022"]
[Source "ChessBase"]
[SourceDate "2021.10.24"]
[SourceVersion "1"]
[SourceVersionDate "2021.10.24"]
[SourceQuality "1"]

1. e4 e5 2. Nf3 Nc6 3. Bb5 Nf6 4. 0-0 Nxe4 5. d4 d6 6. Re1 Bf5 7. dxe5 Be7 8. exd6 Bxd6 9. Nc3 Bxh2+ 10. Nxh2 Qxd1 11. Nxd1 0-0-0 12. Bxc6 bxc6 13. Be3 h5 14. Bxa7 g5 15. Ne3 Bg6 16. Nc4 h4 17. Ne5 h3 18. Nxg6 fxg6 19. Rxe4 Rd2 20. Rb4 hxg2 21. Rb8+ Kd7 22. Rxh8 Rxc2 23. Rd1+ Ke6 24. Nf3 Rxb2 25. Nxg5+ Kf5 26. Nf3 Rxa2 27. Rf8+ Kg4 28. Ne5+ Kh3 29. Rh8# 1-0

[Event "SN-2018-0-00911"]
[Site "LSS email"]
[Date "2018.03.08"]
[Round "?"]
[White "Venturas, Bob"]
[Black "Croke, Pat"]
[Result "0-1"]
[WhiteElo "706"]
[BlackElo "564"]
[PlyCount "48"]
[EventDate "2018.01.27"]
[EventType "tourn (corr)"]
[EventRounds "6"]
[EventCountry "GER"]
[SourceTitle "Corr 2022"]
[Source "ChessBase"]
[SourceDate "2021.10.24"]
[SourceVersion "1"]
[SourceVersionDate "2021.10.24"]
[SourceQuality "1"]

1. e4 e5 2. Nf3 Nc6 3. h3 Nf6 4. Nc3 d5 5. d4 dxe4 6. Nxe5 Nxd4 7. Bc4 Ne6 8. 0-0 Qxd1 9. Rxd1 Bd6 10. Ng4 Bd7 11. Bg5 Nxg5 12. Re1 Nxg4 13. hxg4 0-0-0 14. Nxe4 h6 15. f3 h5 16. Nxg5 Bc5+ 17. Kh1 hxg4+ 18. Nh3 gxh3 19. g3 Bf2 20. Re7 Bc6 21. Rxf7 h2 22. g4 Rdf8 23. Rf1 Rxf7 24. Bxf7 Bxf3# 0-1

[Event "SN-2017-0-00893"]
[Site "LSS email"]
[Date "2017.11.19"]
[Round "?"]
[White "Amuso, Jose Alberto"]
[Black "Croke, Pat"]
[Result "0-1"]
[WhiteElo "772"]
[BlackElo "551"]
[PlyCount "88"]
[EventDate "2017.11.04"]
[EventType "tourn (corr)"]
[EventRounds "6"]
[EventCountry "GER"]
[SourceTitle "Corr 2022"]
[Source "ChessBase"]
[SourceDate "2021.10.24"]
[SourceVersion "1"]
[SourceVersionDate "2021.10.24"]
[SourceQuality "1"]

1. Nf3 Nc6 2. Nc3 e5 3. d4 Nf6 4. dxe5 Ng4 5. Bg5 Be7 6. Bf4 d6 7. exd6 Bxd6 8. Bxd6 Qxd6 9. h3 Qxd1+ 10. Rxd1 Nge5 11. Nxe5 Nxe5 12. e3 0-0 13. Nd5 c6 14. Ne7+ Kh8 15. f4 Ng6 16. Nxc8 Raxc8 17. Rd7 Rb8 18. Bc4 Nh4 19. 0-0 Nf5 20. Rxf7 Nxe3 21. Rxf8+ Rxf8 22. Re1 Nxc4 23. Re7 Rb8 24. b3 Nb6 25. f5 Nd5 26. Rd7 Ne3 27. c4 Nxf5 28. g4 Ne3 29. Kf2 Nc2 30. Ke2 Nb4 31. a4 h6 32. Ke3 a6 33. Kd4 b6 34. Kc3 a5 35. h4 b5 36. cxb5 cxb5 37. Ra7 bxa4 38. Rxa5 Na2+ 39. Kb2 axb3 40. g5 Nb4 41. Ra4 Nd3+ 42. Kc3 b2 43. Kxd3 b1Q+ 44. Kd4 Qd1+ 0-1

[Event "SN-2017-0-00893"]
[Site "LSS email"]
[Date "2017.11.19"]
[Round "?"]
[White "Croke, Pat"]
[Black "Heiser, Jerome"]
[Result "1-0"]
[WhiteElo "551"]
[BlackElo "549"]
[PlyCount "93"]
[EventDate "2017.11.04"]
[EventType "tourn (corr)"]
[EventRounds "6"]
[EventCountry "GER"]
[SourceTitle "Corr 2022"]
[Source "ChessBase"]
[SourceDate "2021.10.24"]
[SourceVersion "1"]
[SourceVersionDate "2021.10.24"]
[SourceQuality "1"]

1. e4 e5 2. Nf3 Nc6 3. Bc4 h6 4. 0-0 Nf6 5. d4 d6 6. dxe5 dxe5 7. Qxd8+ Nxd8 8. Nc3 Bd6 9. Be3 0-0 10. Nd5 Nxd5 11. Bxd5 c6 12. Bc4 Be6 13. Bxe6 Nxe6 14. Rad1 Bc7 15. c4 c5 16. Rd7 b6 17. Rfd1 Rad8 18. Rxd8 Rxd8 19. Rxd8+ Nxd8 20. h4 Nc6 21. b3 f6 22. g4 Nd4 23. Nxd4 exd4 24. Bd2 Kf7 25. f4 f5 26. exf5 Bd6 27. g5 Bc7 28. Kg2 a6 29. Kg3 b5 30. Kf3 Bd6 31. Ke4 b4 32. g6+ Kf8 33. Kd5 Ke7 34. h5 Bc7 35. Kxc5 d3 36. Kd4 Kf6 37. Kxd3 Kxf5 38. Bxb4 Bxf4 39. Bf8 Kg5 40. Bxg7 Kxh5 41. Ke4 Kg5 42. Bxh6+ Kxh6 43. Kxf4 Kxg6 44. Ke5 Kf7 45. Kd5 Ke7 46. Kc6 a5 47. Kb5 1-0

[Event "SN-2017-0-00893"]
[Site "LSS email"]
[Date "2017.11.19"]
[Round "?"]
[White "Croke, Pat"]
[Black "Hughes, Peter James"]
[Result "0-1"]
[WhiteElo "551"]
[BlackElo "597"]
[PlyCount "58"]
[EventDate "2017.11.04"]
[EventType "tourn (corr)"]
[EventRounds "6"]
[EventCountry "GER"]
[SourceTitle "Corr 2022"]
[Source "ChessBase"]
[SourceDate "2021.10.24"]
[SourceVersion "1"]
[SourceVersionDate "2021.10.24"]
[SourceQuality "1"]

1. e4 e5 2. Nf3 Nc6 3. Bc4 Bc5 4. 0-0 h6 5. c3 Nf6 6. d3 0-0 7. d4 Bb6 8. d5 Ne7 9. Nxe5 Nxe4 10. Be3 Bc5 11. Qf3 Bxe3 12. fxe3 Nd6 13. Bd3 Ndf5 14. Bxf5 Nxf5 15. Qxf5 d6 16. Nxf7 Bxf5 17. Nxh6+ Kh7 18. Nxf5 Qg5 19. Ng3 Qxe3+ 20. Kh1 Rae8 21. Na3 a6 22. Nc2 Qd2 23. Nd4 c5 24. Ndf5 Rf6 25. b4 g6 26. Nh4 Rxf1+ 27. Rxf1 Qxa2 28. Nf3 Qxd5 29. bxc5 dxc5 0-1

[Event "RN-2017-0-01345"]
[Site "LSS email"]
[Date "2017.09.24"]
[Round "?"]
[White "Pocol, Horacio"]
[Black "Croke, Pat"]
[Result "1/2-1/2"]
[WhiteElo "852"]
[BlackElo "579"]
[PlyCount "114"]
[EventDate "2017.09.13"]
[EventType "tourn (corr)"]
[EventRounds "6"]
[EventCountry "GER"]
[SourceTitle "Corr 2022"]
[Source "ChessBase"]
[SourceDate "2021.10.24"]
[SourceVersion "1"]
[SourceVersionDate "2021.10.24"]
[SourceQuality "1"]

1. Nc3 e5 2. a3 Nc6 3. e4 Nf6 4. h3 d5 5. Bb5 Bc5 6. d3 0-0 7. Bxc6 bxc6 8. Bg5 Be7 9. Bxf6 Bxf6 10. Qf3 d4 11. Nce2 Rb8 12. b4 Be6 13. Ng3 Qe7 14. N1e2 c5 15. bxc5 Qxc5 16. 0-0 Qxc2 17. Rac1 Qa4 18. Rxc7 Qxa3 19. Nh5 Be7 20. Rcc1 a5 21. Neg3 Rb3 22. Nf5 Bxf5 23. Qxf5 Qd6 24. Qg4 Qg6 25. Qd1 a4 26. f4 f5 27. fxe5 fxe4 28. Rxf8+ Bxf8 29. Nf4 Qf5 30. Qf1 Qxe5 31. Rc8 Qf5 32. Rc2 exd3 33. Rf2 Rb8 34. Nxd3 Qa5 35. Rf5 Qc3 36. Rf3 a3 37. Ne5 Qc5 38. Nd7 Qd6 39. Qc4+ Kh8 40. Nxb8 Qxb8 41. Qxd4 a2 42. Rf1 Be7 43. Qa1 Qa7+ 44. Kh1 Bf6 45. Rxf6 gxf6 46. Qxf6+ Kg8 47. Qg5+ Qg7 48. Qd5+ Qf7 49. Qg5+ Kf8 50. Qd8+ Qe8 51. Qd6+ Qe7 52. Qf4+ Kg8 53. Qb8+ Qf8 54. Qb3+ Qf7 55. Qb8+ Qf8 56. Qb3+ Qf7 57. Qb8+ Qf8 1/2-1/2

[Event "RN-2017-0-01270"]
[Site "LSS email"]
[Date "2017.03.28"]
[Round "?"]
[White "Bortnicker, Justin"]
[Black "Croke, Pat"]
[Result "1-0"]
[WhiteElo "861"]
[BlackElo "615"]
[PlyCount "99"]
[EventDate "2017.03.16"]
[EventType "tourn (corr)"]
[EventRounds "6"]
[EventCountry "GER"]
[SourceTitle "Corr 2022"]
[Source "ChessBase"]
[SourceDate "2021.10.24"]
[SourceVersion "1"]
[SourceVersionDate "2021.10.24"]
[SourceQuality "1"]

1. c4 e5 2. Nc3 Nc6 3. e3 d6 4. Nf3 Bg4 5. Be2 Nf6 6. h3 Bxf3 7. Bxf3 Be7 8. Qa4 0-0 9. Bxc6 bxc6 10. Qxc6 Nd7 11. Nd5 Nb6 12. Qxc7 Qxc7 13. Nxc7 Rac8 14. Nd5 Bg5 15. b3 Nxd5 16. cxd5 f5 17. 0-0 f4 18. f3 fxe3 19. dxe3 Rxc1 20. Raxc1 Bxe3+ 21. Kh1 Bxc1 22. Rxc1 g5 23. Rc7 e4 24. fxe4 Rf4 25. Rxa7 Rxe4 26. Ra6 Re2 27. a4 Rb2 28. Rb6 Kf7 29. Rxd6 Rxb3 30. a5 Ke7 31. Rb6 Ra3 32. a6 Kd7 33. Rb7+ Kd6 34. a7 Kxd5 35. Rxh7 Kc6 36. Rg7 Kb6 37. Kh2 Rxa7 38. Rxa7 Kxa7 39. Kg3 Kb7 40. Kg4 Kc6 41. Kxg5 Kd6 42. h4 Ke7 43. Kg6 Kf8 44. Kh7 Kf7 45. g4 Kf6 46. g5+ Kf5 47. g6 Kg4 48. g7 Kh5 49. g8Q Kxh4 50. Kh6 1-0

[Event "RN-2017-0-01270"]
[Site "LSS email"]
[Date "2017.03.28"]
[Round "?"]
[White "Venturas, Bob"]
[Black "Croke, Pat"]
[Result "1/2-1/2"]
[WhiteElo "551"]
[BlackElo "615"]
[PlyCount "139"]
[EventDate "2017.03.16"]
[EventType "tourn (corr)"]
[EventRounds "6"]
[EventCountry "GER"]
[SourceTitle "Corr 2022"]
[Source "ChessBase"]
[SourceDate "2021.10.24"]
[SourceVersion "1"]
[SourceVersionDate "2021.10.24"]
[SourceQuality "1"]

1. e4 e5 2. Nf3 Nc6 3. a3 d6 4. h3 Nf6 5. Nc3 Be7 6. Bc4 0-0 7. d3 Be6 8. Bb5 a6 9. Ba4 b5 10. Bb3 a5 11. a4 Bxb3 12. cxb3 b4 13. Ne2 d5 14. Ng3 dxe4 15. dxe4 Qxd1+ 16. Kxd1 Bc5 17. Be3 Bxe3 18. fxe3 Rfd8+ 19. Ke2 Rd7 20. Rad1 Rxd1 21. Rxd1 g6 22. Rc1 Ra6 23. Rc5 Nh5 24. Nxh5 gxh5 25. Nxe5 Nxe5 26. Rxe5 h4 27. Rh5 Kg7 28. Rxh4 Rc6 29. Kd2 Kg6 30. Rf4 f6 31. h4 Rd6+ 32. Kc2 c5 33. g4 h5 34. gxh5+ Kxh5 35. Rf5+ Kxh4 36. Rxc5 Kg4 37. Rf5 Rc6+ 38. Kd2 Re6 39. Rxa5 Rxe4 40. Rb5 Kf3 41. a5 Rxe3 42. Kc2 Re2+ 43. Kb1 Re1+ 44. Ka2 Re6 45. Rxb4 f5 46. Ra4 f4 47. b4 Kg3 48. a6 f3 49. Ra3 Kg2 50. a7 Re8 51. b5 f2 52. a8Q+ Rxa8 53. Rxa8 f1Q 54. Rg8+ Kh3 55. Rh8+ Kg4 56. Rg8+ Kh5 57. Rh8+ Kg6 58. Rb8 Kf7 59. b6 Ke7 60. b7 Qa6+ 61. Kb1 Kd7 62. Rd8+ Kxd8 63. b8Q+ Kd7 64. b4 Kc6 65. Qf8 Kb5 66. Kb2 Qa4 67. Qc5+ Ka6 68. Qa5+ Qxa5 69. bxa5 Kxa5 70. Kb3 1/2-1/2

[Event "RN-2017-0-01251"]
[Site "LSS email"]
[Date "2017.01.31"]
[Round "?"]
[White "Croke, Pat"]
[Black "Hughes, Peter James"]
[Result "1-0"]
[WhiteElo "619"]
[BlackElo "584"]
[PlyCount "99"]
[EventDate "2017.01.17"]
[EventType "tourn (corr)"]
[EventRounds "6"]
[EventCountry "GER"]
[SourceTitle "Corr 2022"]
[Source "ChessBase"]
[SourceDate "2021.10.24"]
[SourceVersion "1"]
[SourceVersionDate "2021.10.24"]
[SourceQuality "1"]

1. e4 e6 2. d4 d5 3. Nc3 Bb4 4. Bd2 Ne7 5. Bb5+ Bd7 6. Nf3 0-0 7. Qe2 a6 8. Bxd7 Nxd7 9. 0-0-0 c6 10. e5 Nb6 11. h4 h5 12. Ng5 g6 13. g4 f6 14. Nxe6 Qc8 15. Nxf8 Qxf8 16. gxh5 Nc4 17. hxg6 Bxc3 18. Bxc3 Qh6+ 19. Kb1 Nxg6 20. exf6 Kf7 21. h5 Nf4 22. Qe7+ Kg8 23. Rhg1+ Kh8 24. Qg7+ Qxg7 25. fxg7+ Kh7 26. g8Q+ Rxg8 27. Rxg8 Kxg8 28. Rg1+ Kh7 29. b3 Na3+ 30. Kb2 Nb5 31. Bd2 Nxh5 32. Be3 Nf6 33. a4 Nd6 34. Rh1+ Kg6 35. Rh6+ Kf5 36. Kc3 Nfe4+ 37. Kd3 Nf7 38. Rh7 Kf6 39. c4 Nfd6 40. f3 Ng3 41. c5 Ndf5 42. Rxb7 Nf1 43. Bf4 a5 44. Be5+ Ke6 45. Ra7 N5e3 46. Rxa5 Kf5 47. Ra6 Nd1 48. Rxc6 Nfe3 49. a5 Nc3 50. Kxc3 1-0

[Event "RN-2017-0-01251"]
[Site "LSS email"]
[Date "2017.01.30"]
[Round "?"]
[White "Croke, Pat"]
[Black "Bester, Kazimierz"]
[Result "1-0"]
[WhiteElo "619"]
[BlackElo "715"]
[PlyCount "63"]
[EventDate "2017.01.17"]
[EventType "tourn (corr)"]
[EventRounds "6"]
[EventCountry "GER"]
[SourceTitle "Corr 2022"]
[Source "ChessBase"]
[SourceDate "2021.10.24"]
[SourceVersion "1"]
[SourceVersionDate "2021.10.24"]
[SourceQuality "1"]

1. e4 d5 2. d4 dxe4 3. Be3 Bf5 4. Nc3 Nf6 5. Bc4 h6 6. d5 Nbd7 7. Nge2 Ng4 8. 0-0 Nde5 9. Ng3 Bh7 10. Bb5+ c6 11. dxc6 Qxd1 12. Raxd1 bxc6 13. Ba4 Rc8 14. Ngxe4 f5 15. Bxa7 fxe4 16. Nxe4 e6 17. Nd6+ Bxd6 18. Rxd6 0-0 19. Rxe6 Kh8 20. h3 Bf5 21. Re7 Nf6 22. Rxe5 Bd7 23. Bb3 Ra8 24. Bc5 Rfe8 25. Rxe8+ Rxe8 26. a4 Re5 27. Bd4 Rf5 28. Re1 Rf4 29. c3 Nd5 30. a5 Bf5 31. a6 Nc7 32. Be5 1-0

[Event "RN-2016-0-01233"]
[Site "LSS email"]
[Date "2016.12.17"]
[Round "?"]
[White "Croke, Pat"]
[Black "Bortnicker, Justin"]
[Result "0-1"]
[WhiteElo "663"]
[BlackElo "881"]
[PlyCount "68"]
[EventDate "2016.12.12"]
[EventType "tourn (corr)"]
[EventRounds "6"]
[EventCountry "GER"]
[SourceTitle "Corr 2022"]
[Source "ChessBase"]
[SourceDate "2021.10.24"]
[SourceVersion "1"]
[SourceVersionDate "2021.10.24"]
[SourceQuality "1"]

1. e4 e5 2. Nf3 Nc6 3. Bc4 Be7 4. 0-0 Nf6 5. Nc3 0-0 6. d4 exd4 7. Nxd4 Ne5 8. Nf5 Nxc4 9. Nh6+ gxh6 10. Bxh6 Re8 11. b3 Nb6 12. Qf3 Bf8 13. Qg3+ Kh8 14. Bf4 d6 15. e5 Nh5 16. Qf3 Nxf4 17. Qxf4 Be6 18. Ne4 dxe5 19. Qg3 Bg7 20. f4 Qd4+ 21. Nf2 Rg8 22. fxe5 Bxe5 23. Qd3 Qxd3 24. Nxd3 Bxa1 25. Rxa1 Bf5 26. Rf1 Bxd3 27. cxd3 Rg7 28. Re1 Nd5 29. Re5 c6 30. d4 Rg4 31. Rf5 f6 32. h3 Rxd4 33. g4 Re8 34. Kg2 Ne3+ 0-1

[Event "RN-2016-0-01220"]
[Site "LSS email"]
[Date "2016.11.23"]
[Round "?"]
[White "Croke, Pat"]
[Black "Vontina, Maria"]
[Result "0-1"]
[WhiteElo "671"]
[BlackElo "656"]
[PlyCount "114"]
[EventDate "2016.11.14"]
[EventType "tourn (corr)"]
[EventRounds "6"]
[EventCountry "GER"]
[SourceTitle "Corr 2022"]
[Source "ChessBase"]
[SourceDate "2021.10.24"]
[SourceVersion "1"]
[SourceVersionDate "2021.10.24"]
[SourceQuality "1"]

1. e4 e6 2. d4 d5 3. e5 c5 4. Bb5+ Bd7 5. Nc3 Qb6 6. Bxd7+ Nxd7 7. Nf3 Ne7 8. 0-0 Ng6 9. Be3 c4 10. b3 Bb4 11. Na4 Qc7 12. c3 Be7 13. Ng5 0-0 14. f4 b6 15. Nb2 cxb3 16. axb3 h6 17. Nf3 Rfc8 18. Rc1 b5 19. c4 bxc4 20. bxc4 dxc4 21. Rxc4 Qb7 22. Rxc8+ Rxc8 23. Nd3 Nb6 24. Nc5 Bxc5 25. dxc5 Nd5 26. Bf2 Nf8 27. Nh4 Nd7 28. Qb1 Qxb1 29. Rxb1 Nxf4 30. Bg3 Nd3 31. Ra1 Rxc5 32. h3 Rc7 33. Nf3 Rc1+ 34. Rxc1 Nxc1 35. Bf2 a5 36. Nd2 Nxe5 37. Nb1 Nc4 38. Kf1 a4 39. Ke1 a3 40. Nxa3 Nxa3 41. Kd1 Nb3 42. Bg3 Nd4 43. Ke1 Nf5 44. Bc7 Nb5 45. Be5 f6 46. Bh2 Kf7 47. g4 Ne7 48. Ke2 e5 49. h4 Ke6 50. h5 g6 51. Kf3 gxh5 52. gxh5 Nf5 53. Kg4 Ng7 54. Bg3 f5+ 55. Kh4 f4 56. Be1 Kf5 57. Bd2 e4 0-1

[Event "RN-2016-0-01196"]
[Site "LSS email"]
[Date "2016.10.07"]
[Round "?"]
[White "Croke, Pat"]
[Black "Cherry, Brian"]
[Result "1-0"]
[WhiteElo "626"]
[BlackElo "441"]
[PlyCount "45"]
[EventDate "2016.09.30"]
[EventType "tourn (corr)"]
[EventRounds "6"]
[EventCountry "GER"]
[SourceTitle "Corr 2022"]
[Source "ChessBase"]
[SourceDate "2021.10.24"]
[SourceVersion "1"]
[SourceVersionDate "2021.10.24"]
[SourceQuality "1"]

1. e4 e5 2. Nf3 Nc6 3. Bc4 f6 4. 0-0 Bc5 5. d3 Qe7 6. Nc3 d6 7. Nd5 Qd7 8. Be3 Nce7 9. c3 Bxe3 10. fxe3 c6 11. Nxe7 Nxe7 12. d4 d5 13. exd5 cxd5 14. Bb3 0-0 15. dxe5 fxe5 16. Nxe5 Qe6 17. Rxf8+ Kxf8 18. Qf1+ Kg8 19. Qf3 Qxe5 20. Rf1 Qf6 21. Bxd5+ Nxd5 22. Qxd5+ Qe6 23. Qd8+ 1-0

[Event "RN-2016-0-01196"]
[Site "LSS email"]
[Date "2016.10.07"]
[Round "?"]
[White "Lenz, Juergen"]
[Black "Croke, Pat"]
[Result "1-0"]
[WhiteElo "1069"]
[BlackElo "626"]
[PlyCount "107"]
[EventDate "2016.09.30"]
[EventType "tourn (corr)"]
[EventRounds "6"]
[EventCountry "GER"]
[SourceTitle "Corr 2022"]
[Source "ChessBase"]
[SourceDate "2021.10.24"]
[SourceVersion "1"]
[SourceVersionDate "2021.10.24"]
[SourceQuality "1"]

1. d4 d5 2. Nf3 Bg4 3. Ne5 Nf6 4. Nxg4 Nxg4 5. e4 e6 6. Qxg4 Nc6 7. e5 h5 8. Qd1 Qe7 9. c3 0-0-0 10. Bb5 Na5 11. Qa4 b6 12. b4 c6 13. bxa5 cxb5 14. Qxb5 Qd7 15. Qb3 bxa5 16. Nd2 Qb7 17. Ba3 Bxa3 18. Qxa3 Kd7 19. Rb1 Qc7 20. 0-0 Ke8 21. Rfc1 f6 22. f4 Kf7 23. Rb5 Qe7 24. Rxa5 Qxa3 25. Rxa3 Ra8 26. Rb1 Rhb8 27. Rxb8 Rxb8 28. Rxa7+ Kg6 29. Kf2 Rb2 30. Ke3 Rc2 31. Kd3 Rc1 32. g3 Rg1 33. a4 Rg2 34. a5 Rxh2 35. a6 Rh1 36. Nb3 Rg1 37. Rxg7+ Kxg7 38. a7 Rxg3+ 39. Kc2 Rg2+ 40. Nd2 h4 41. a8Q Rg6 42. Qa1 f5 43. Qa7+ Kh6 44. Qe7 Kh5 45. Nf3 Kg4 46. Nxh4 Rh6 47. Qg5+ Kh3 48. Qxh6 Kg4 49. Qxe6 Kxh4 50. Qxf5 Kg3 51. e6 Kf3 52. e7 Kg2 53. e8Q Kf2 54. Kd2 1-0

[Event "RN-2016-0-01165"]
[Site "LSS email"]
[Date "2016.08.06"]
[Round "?"]
[White "Newton, Daryl"]
[Black "Croke, Pat"]
[Result "0-1"]
[WhiteElo "383"]
[BlackElo "656"]
[PlyCount "38"]
[EventDate "2016.07.23"]
[EventType "tourn (corr)"]
[EventRounds "6"]
[EventCountry "GER"]
[SourceTitle "Corr 2022"]
[Source "ChessBase"]
[SourceDate "2021.10.24"]
[SourceVersion "1"]
[SourceVersionDate "2021.10.24"]
[SourceQuality "1"]

1. e4 e5 2. Bc4 Nf6 3. Nf3 d5 4. exd5 Nxd5 5. Nxe5 Qe7 6. d4 c6 7. 0-0 b5 8. Bxd5 cxd5 9. Nc3 Be6 10. Qe2 Qh4 11. Qxb5+ Nd7 12. f4 Bd6 13. b4 0-0 14. Qc6 Rac8 15. Qxd6 Rxc3 16. Rf3 Rxc2 17. a4 Qe1+ 18. Rf1 Qe2 19. Nxd7 Qxg2# 0-1